| Поле | Инд. | ПП | Название | Значение |
|---|---|---|---|---|
| Тип записи | a | |||
| Библиографический уровень | m | |||
| 001 | Контрольный номер | /RU/Omsk/OGONBP/gak/611037 | ||
| 005 | Дата корректировки | 20140227142814.6 | ||
| 020 | c | Цена, тираж | 65 к. | |
| 040 | c | Служба, преобразующая запись | Омская ГОНБ | |
| a | Служба первич. каталог. | НБ ТвГУ | ||
| 041 | a | Код языка текста | rus | |
| 080 | a | Индекс УДК | 902/904(477.7) | |
| 084 | a | Индекс другой классификации/Индекс ББК | Т443.2 | |
| 090 | a | Полочн. индекс | 902.6 | |
| x | Авторский знак | А 72 | ||
| 245 | 10 | a | Заглавие | Античные памятники на территории СССР |
| b | Продолж. заглавия | [сборник статей] | ||
| c | Ответственность | АН СССР, Институт археологии ; [редкол.: И. Т. Кругликова (отв. ред.) и др.] | ||
| 260 | a | Место издания | Москва | |
| b | Издательство | Наука | ||
| c | Дата издания | 1972 | ||
| 300 | a | Объем | 136,[3] с. | |
| b | Иллюстрации/ тип воспроизводства | ил. | ||
| c | Размеры | 26 см | ||
| 440 | _0 | a | Серия | Краткие сообщения Ин-та археологии АН СССР |
| v | N тома | 130 | ||
| 504 | a | Библиография | Библиогр. в подстроч. примеч. | |
| 504 | a | Библиография | Содержание вып. 121-130 "Кратких сообщений": с. 133-137 | |
| 653 | a | Ключевые слова | Античная археология | |
| 653 | a | Ключевые слова | Археологические памятники | |
| 653 | a | Ключевые слова | Археология СССР | |
| a | Ключевые слова | Сборники | ||
| a | Ключевые слова | Северное Причерноморье | ||
| a | Ключевые слова | СССР | ||
| 700 | 1_ | a | Другие авторы | Кругликова Ирина Тимофеевна |
| e | Роль лиц | ред. | ||
| 901 | t | Тип документа | m | |
| 920 | a | Оператор | Бочк | |
| 930 | a | Новая/Ретро | сборники | |
| 954 | a | Дата поступления на обработку | 20101207 |